Svedomie novej vlny Zabudnuté postavy?

Bibliographic Details
Main Author: Blech, Richard, 1930-2017 (Author)
Format: Article
Language:Slovak
PhysicalDescription:Fot. 1.
Subjects:

MARC

LEADER 00000nab a2200000 a 4500
001 vtls000396132
003 SK-MaSNL
005 20260303193357.0
008 160215c1990 xo 0 slo
015 |a SNBRB19rr/mm-uuuuu 
035 |a CL0396256 
040 |a SNKBUCL  |b slo  |c SNKBUCL  |e AACR2 
041 0 |a slo 
044 |a xo  |c SK 
080 |a 791.44.071.1  |2 1981 
080 |a 929 Schorm, Evald  |2 1981 
100 1 |a Blech, Richard,  |d 1930-2017  |4 aut  |9 221735 
245 1 0 |a Svedomie novej vlny  |b Zabudnuté postavy?  |c Richard Blech ; Evald Schorm 
300 |b Fot. 1. 
600 1 7 |a Schorm, Evald  |d 1931-1988  |x tvorba umelecká - spomienky  |2 snkbucl  |9 1224517 
650 0 7 |a Schorm, Evald  |2 snkbucl  |9 954545 
655 7 |a články z novín a časopisov  |2 snkbucl  |9 267496 
773 0 |t Práca  |g Roč. 45, č. 235 (6. 10. 1990), s. 6 
850 |a Slovenská národná knižnica v Martine  |a MTA001 
852 |a SNK  |b KIS3GCP 
958 |a BX 
958 |a RK 
992 |a RBX 
999 |c 2152021  |d 2153951